Дело по отношению контроля Министерства Императорского двора о доставлении сведения, с которого времени изменено охтенским плотн...

Доступно только в Электронных читальных залах Найти на картеНа карте
RUSMARC
00003828nmc2a22000003x 450
001a4bacc5b-3416-4e11-ada0-7c4ef7ad9853
00520181224152840.0
100##$a20170626l18451848k l0rusy0189 ca
1010#$arus
102##$aRU
2001#$aДело по отношению контроля Министерства Императорского двора о доставлении сведения, с которого времени изменено охтенским плотникам количество жалованья и на каком основании
$j16 ноября 1845 г. - 8 апреля 1848 г.
251##$cДело
300##$aПо Санкт-Петербургской дирекции за 1845 год
300##$aДело
801#0$aRU
$bРГИА
$c20170626
$gRCR
801#1$aRU
$bГлавНИВЦ
$c20170626
$2rusmarc
801#2$aRU
$bПБ им. Б.Н. Ельцина
$c20181224
$gRCR
$2rusmarc
850##$aРГИА
852##$aРГИА
$eФедеральное казенное учреждение "Российский государственный исторический архив" (РГИА)
$j10514
937##$hРГИА
$d12245019
$aASBIBLIO_SCAN
462#0$1001dd3991dc-24e1-42ec-8838-ca4255420416
$12001
$a1746-1850 гг.
$1251
$cОпись
$1852
$j1
461#0$10019264ebf8-de62-4f1a-9eb4-9f22098dbbd5
$12001
$aДирекция императорских театров МИДв
$1251
$cФонд
$1852
$j497
215##$a77 л.
$d36,5х26 см
371##$aДокумент не является опубликованным и широко распространяемым
105##$ay###
1222#$ad
035##$aa4bacc5b-3416-4e11-ada0-7c4ef7ad9853
856##$uhttp://readingroom.main.prlib.ru/item.aspx?id_node=n122243779&mode=full
Формат отображения